000 00365nam a2200133Ia 4500
008 151001s9999||||xx |||||||||||||| ||und||
100 _aयोगिनी जोगळेकर
245 _aसायास
250 _a1
260 _bराजेंद्र प्रकाशन ठाणे
260 _c19945
300 _a158
365 _b18
999 _c971570
_d971567